Bookworm short stories 60

Bibliographic Details
Format: Book
Published: Singapore : Bookworm Publishing , 1994
Subjects:

MARC

LEADER 00000cam a2200000 7i4500
001 0000008326
002 000009078
005 20000330.0
020 |a 9813051728 
090 0 0 |a JF   |b BOO 
245 1 0 |a Bookworm short stories 60 
260 |a Singapore :   |b Bookworm Publishing ,   |c 1994 
300 |a 75p. :   |b ill ;   |c 17cm. 
650 0 0 |a Children's stories 
999 |a 047107   |b BUKU   |c PINJAMAN   |e PERPUSTAKAAN KOMUNITI PETALING JAYA 
999 |a 047108   |b BUKU   |c PINJAMAN   |e PERPUSTAKAAN KOMUNITI CAW KOTA DAMANSARA 
999 |a 050830   |b BUKU   |c PINJAMAN   |e PERPUSTAKAAN KOMUNITI PETALING JAYA 
999 |a 050831   |b BUKU   |c PINJAMAN   |e PERPUSTAKAAN KOMUNITI PETALING JAYA 
999 |a 050832   |b BUKU   |c PINJAMAN   |e PERPUSTAKAAN KOMUNITI PETALING JAYA